000 00610pam a2200217 a 4500
020 _c700.00
040 _aMedical College Lib.
041 _aENG
_hENG
082 _a617.7
_bPOD
100 _aPodos, Steven M..
245 _aText Book of Ophthalmology Vol - 5 Strabismus And Pediatric Ophthalmology /
_c
_hTextual Documents
260 _aLondon :
_bMosby-Wolfe ,
_c1993.
300 _a415 ;
_c
365 _a700.00
653 _aOphthamology
_aMedical Science
700 _aDiamond, Gary R..
907 _a8515
930 _a5724
999 _c5723
_d5723